Statistics for Real Madrid squad 2012-13

Click here to take the quiz!

General Stats

  • This quiz has been taken 604 times
    (487 since last reset)
  • The average score is 18 of 25

Answer Stats

PositionPlayerInternational% Correct
FWCristiano RonaldoPortugal
99%
GKIker CasillasSpain
96%
FWKarim BenzemaFrance
95%
DFSergio RamosSpain
95%
DFPepePortugal
94%
MFLuka ModrićCroatia
90%
DFMarceloBrazil
87%
MFMesut ÖzilGermany
87%
DFRaphaël VaraneFrance
87%
MFSami KhediraGermany
85%
MFÁngel di MaríaArgentina
82%
DFFábio CoentrãoPortugal
82%
FWGonzalo HiguaínArgentina
77%
MFXabi AlonsoSpain
75%
MFKakáBrazil
66%
MFMichael EssienGhana
66%
DFÁlvaro ArbeloaSpain
65%
DFRicardo CarvalhoPortugal
53%
FWÁlvaro MorataSpain
50%
DFRaúl AlbiolSpain
49%
DFNacho FernándezSpain
48%
GKAntonio AdánSpain
41%
GKDiego LópezSpain
37%
MFJosé CallejónSpain
32%
GKJesús FernándezSpain
18%

Score Distribution

Percentile by Number Answered

Percent of People with Each Score

Your Score History

You have not taken this quiz since the last reset